000 00662nam a2200253Ia 4500
001 18418
003 GE_BSU
008 181216s||||||||xx |||||||||||||| ||und||
020 _a987654321
040 _cGE_BSU
080 _a617.5
245 _aAtlas of Minimally lnvasive Surgery
245 _cEdited by: Constantine T. Frantzides,Mark A. Carlson
250 _a1st ed.
260 _aPhiladelpia
260 _bElsevier
260 _c2008
300 _a264p;ill;30cm
300 _b+2CD
653 _aAtlas of Minimally lnvasive Surgery
653 _aატლასი(ქირურგიის)
653 _aმედიცინა
942 _cBK
999 _c51432
_d51432